Music Quiz

Random Music or Video Games Quiz

Music: Movie, TV, or Game? Quiz Stats

 Plays Quiz not verified by Sporcle

Challenge
Share
Tweet
Score 0/30 Timer 20:00
0 Plays Today
Time Media % Correct
0:00-0:10???
93.1%
0:10-0:20???
90.3%
2:10-2:20???
85.1%
0:20-0:30???
83.4%
2:00-2:10???
83.1%
1:20-1:30???
82.5%
2:20-2:30???
82.2%
1:10-1:20???
81.4%
3:30-3:40???
81.1%
4:50-5:00???
78.8%
3:10-3:20???
78.5%
2:50-3:00???
75.9%
1:30-1:40???
73.9%
4:10-4:20???
72.5%
0:30-0:40???
71.9%
Time Media % Correct
1:50-2:00???
71.3%
0:50-1:00???
70.5%
3:50-4:00???
66.8%
3:00-3:10???
66.2%
2:30-2:40???
61.9%
4:30-4:40???
60.5%
0:40-0:50???
59.9%
3:20-3:30???
56.4%
4:20-4:30???
55%
1:00-1:10???
54.2%
1:40-1:50???
51%
4:00-4:10???
45%
4:40-4:50???
41.5%
3:40-3:50???
36.1%
2:40-2:50???
31.2%

You're not logged in!

Compare scores with friends on all Sporcle quizzes.
OR
Log In

You Might Also Like...

Show Comments

Extras

Top Quizzes Today


Score Distribution

Your Account Isn't Verified!

In order to create a playlist on Sporcle, you need to verify the email address you used during registration. Go to your Sporcle Settings to finish the process.

Report this User

Report this user for behavior that violates our Community Guidelines.

Details: